MARC details
| 000 -LEADER |
| fixed length control field |
01703cam a2200421 i 4500 |
| 001 - CONTROL NUMBER |
| control field |
14942470 |
| 003 - CONTROL NUMBER IDENTIFIER |
| control field |
EG-ScBUE |
| 005 - DATE AND TIME OF LATEST TRANSACTION |
| control field |
20240703104824.0 |
| 008 - FIXED-LENGTH DATA ELEMENTS--GENERAL INFORMATION |
| fixed length control field |
070726t2008 enka f b f001 0deng d |
| 020 ## - INTERNATIONAL STANDARD BOOK NUMBER |
| International Standard Book Number |
9780195326345 (pbk. : alk. paper) |
| 020 ## - INTERNATIONAL STANDARD BOOK NUMBER |
| International Standard Book Number |
0195326342 (pbk. : alk. paper) |
| 040 ## - CATALOGING SOURCE |
| Original cataloging agency |
DLC |
| Language of cataloging |
eng |
| Description conventions |
rda |
| Transcribing agency |
DLC |
| Modifying agency |
BAKER |
| -- |
BTCTA |
| -- |
YDXCP |
| -- |
C#P |
| -- |
DLC |
| -- |
EG-ScBUE |
| 043 ## - GEOGRAPHIC AREA CODE |
| Geographic area code |
n-us--- |
| -- |
e------ |
| 082 04 - DEWEY DECIMAL CLASSIFICATION NUMBER |
| Classification number |
973.91 |
| Edition number |
22 |
| Item number |
RAU |
| 100 1# - MAIN ENTRY--PERSONAL NAME |
| Personal name |
Rauchway, Eric, |
| Relator term |
author. |
| 9 (RLIN) |
36247 |
| 245 14 - TITLE STATEMENT |
| Title |
The great depression & the new deal : |
| Remainder of title |
a very short introduction / |
| Statement of responsibility, etc |
Eric Rauchway. |
| 246 3# - VARYING FORM OF TITLE |
| Title proper/short title |
The great depression and the new deal |
| 264 #1 - PUBLICATION, DISTRIBUTION, ETC. (IMPRINT) |
| Place of publication, distribution, etc |
Oxford, United Kingdom : |
| Name of publisher, distributor, etc |
Oxford University Press, |
| Date of publication, distribution, etc |
[2008] |
| 264 #4 - PUBLICATION, DISTRIBUTION, ETC. (IMPRINT) |
| Date of publication, distribution, etc |
c2008 |
| 300 ## - PHYSICAL DESCRIPTION |
| Extent |
150 pages : |
| Other physical details |
illustrations ; |
| Dimensions |
18 cm. |
| 336 ## - CONTENT TYPE |
| Source |
rdacontent |
| Content type term |
text |
| Content type code |
txt |
| 337 ## - MEDIA TYPE |
| Media type term |
unmediated |
| Source |
rdamedia |
| Media type code |
n |
| 338 ## - CARRIER TYPE |
| Carrier type term |
volume |
| Carrier type code |
nc |
| Source |
rdacarrier |
| 490 0# - SERIES STATEMENT |
| Series statement |
Very Short Introductions ; |
| Volume number/sequential designation |
166 |
| 504 ## - BIBLIOGRAPHY, ETC. NOTE |
| Bibliography, etc |
Includes bibliographical references and index.<br/> |
| 600 17 - SUBJECT ADDED ENTRY--PERSONAL NAME |
| Personal name |
Roosevelt, Franklin D. |
| Fuller form of name |
(Franklin Delano), |
| Dates associated with a name |
1882-1945. |
| Source of heading or term |
BUEsh |
| 9 (RLIN) |
36248 |
| 650 #7 - SUBJECT ADDED ENTRY--TOPICAL TERM |
| Topical term or geographic name as entry element |
Depressions |
| Chronological subdivision |
1929 |
| Geographic subdivision |
United States. |
| Source of heading or term |
BUEsh |
| 9 (RLIN) |
36249 |
| 650 #7 - SUBJECT ADDED ENTRY--TOPICAL TERM |
| Topical term or geographic name as entry element |
New Deal, 1933-1939. |
| 9 (RLIN) |
36250 |
| Source of heading or term |
BUEsh |
| 650 #7 - SUBJECT ADDED ENTRY--TOPICAL TERM |
| Topical term or geographic name as entry element |
Depressions |
| Chronological subdivision |
1929 |
| Geographic subdivision |
Europe. |
| Source of heading or term |
BUEsh |
| 9 (RLIN) |
36251 |
| 651 #7 - SUBJECT ADDED ENTRY--GEOGRAPHIC NAME |
| Geographic name |
United States |
| General subdivision |
History |
| Chronological subdivision |
1919-1933. |
| Source of heading or term |
BUEsh |
| 9 (RLIN) |
36252 |
| 651 #7 - SUBJECT ADDED ENTRY--GEOGRAPHIC NAME |
| Geographic name |
United States |
| General subdivision |
History |
| Chronological subdivision |
1933-1945. |
| Source of heading or term |
BUEsh |
| 9 (RLIN) |
36253 |
| 651 #7 - SUBJECT ADDED ENTRY--GEOGRAPHIC NAME |
| Geographic name |
United States |
| General subdivision |
Economic conditions |
| Chronological subdivision |
1918-1945. |
| Source of heading or term |
BUEsh |
| 9 (RLIN) |
36254 |
| 651 #7 - SUBJECT ADDED ENTRY--GEOGRAPHIC NAME |
| Geographic name |
United States |
| General subdivision |
Social conditions |
| Chronological subdivision |
1933-1945. |
| Source of heading or term |
BUEsh |
| 9 (RLIN) |
36255 |
| 651 #7 - SUBJECT ADDED ENTRY--GEOGRAPHIC NAME |
| Geographic name |
Europe |
| General subdivision |
Economic conditions |
| Chronological subdivision |
1918-1945. |
| Source of heading or term |
BUEsh |
| 9 (RLIN) |
36256 |
| 653 ## - INDEX TERM--UNCONTROLLED |
| Resource For college |
BAEPS, Political Science |
| Arrived date list |
October2014 |
| 655 ## - INDEX TERM--GENRE/FORM |
| Form subdivision |
Reading book |
| 9 (RLIN) |
34232 |
| 942 ## - ADDED ENTRY ELEMENTS (KOHA) |
| Source of classification or shelving scheme |
Dewey Decimal Classification |
| Koha item type |
Book - Borrowing |